header

Media, markets, and democracy (Record no. 47261)

MARC details
000 -LEADER
fixed length control field 01358nam a2200361 a 4500
082 04 - DEWEY DECIMAL CLASSIFICATION NUMBER
Classification number 302.23
100 1# - MAIN ENTRY--AUTHOR NAME
Personal name Baker, C. Edwin.
245 10 - TITLE STATEMENT
Title Media, markets, and democracy
260 ## - PUBLICATION, DISTRIBUTION, ETC. (IMPRINT)
Place of publication Cambridge ;
-- New York :
Name of publisher Cambridge University Press,
Year of publication 2002.
300 ## - PHYSICAL DESCRIPTION
Number of Pages xiv, 377 p.
490 1# - SERIES STATEMENT
Series statement Communication, society, and politics
650 #0 - SUBJECT ADDED ENTRY--TOPICAL TERM
Topical Term Mass media
Topical Term Mass media
Topical Term Democracy.
Topical Term Freedom of the press.
856 40 - ELECTRONIC LOCATION AND ACCESS
Uniform Resource Identifier http://site.ebrary.com/lib/rucke/Doc?id=10063471

No items available.

© 2026 Rongo University
Contact us: librarian | system librarian | Rongo university